000
00320nam a22001337a 4500
008
180118b xxu||||| |||| 00| 0 eng d
020
_a
9780070028616
041
_a
eng
080
_a
004
100
_a
28
101
_a
SHK
245
_a
Object-Oriented client/ serves application development
_c
AYER,S
942
_2
udc
_c
BK
999
_c
40447
_d
40447